000 00846nas a2200265Ia 4500
001 A09/R108-51792
003 IT-MiCISF
008 161014c99999999xx |||||||||||| ||und||
040 _aIT-MiCISF
_cIT-MiCISF
041 _aITALIANO
100 _aPalazzolo Simone
210 _aIl consulente familiare
222 _aIl consulente familiare
245 0 _aEsperienze di un consulente nel mondo carcerario
250 _a1a ed.
260 _c2013
501 _bCISF - Centro Internazionale Studi Famiglia - Via Giotto, 36 20145 MILANO (non commercial uses only)
_cCopyright 2016
300 _app. 25-27
362 _an. 1, gennaio-marzo [2013]
500 _a Tema: consulenza, carcere, esperienze
650 _aFAMIGLIA - consulenza familiare
_varticolo
700 _a Maddalo Giovanna
942 _cCR
957 _71
999 _a51792
_bSi
_g1
_c226560
_d226560